[Event "2nd Open"]
[Site "Nantes FRA"]
[Date "2003.12.27"]
[Round "2"]
[White "Mullon,J"]
[Black "Egreteau,E"]
[Result "1-0"]
[WhiteElo "2325"]
[BlackElo "2026"]

1.e4 d6 2.d4 Nf6 3.Nc3 Nbd7 4.Nf3 e5 5.Bc4 Be7 6.O-O O-O 7.Re1 c6 8.a4 a5
9.h3 Qc7 10.Be3 exd4 11.Nxd4 Nc5 12.Bf4 Re8 13.e5 dxe5 14.Bxe5 Qd8 15.Qd3 Ncd7
16.Rad1 Nxe5 17.Rxe5 Qc7 18.Rde1 Kf8 19.Qe3 Qd8 20.Ne4 Nd7 21.Ng5 Nxe5 22.Nxh7+ Kg8
23.Qxe5 Bd7 24.Qh5 Rf8 25.Nxf8 Qxf8 26.Bd3 g6 27.Bxg6 fxg6 28.Qxg6+ Kh8 29.Re5  1-0

[Event "12th Donau Open"]
[Site "Aschach GER"]
[Date "2003.12.28"]
[Round "4"]
[White "Evers,U"]
[Black "Moser,E"]
[Result "0-1"]
[WhiteElo "2187"]
[BlackElo "2339"]

1.Nc3 Nf6 2.e4 d6 3.d4 Nbd7 4.Bc4 e5 5.Nf3 Be7 6.O-O O-O 7.a4 c6 8.Re1 Qc7
9.Bg5 h6 10.Bh4 Nb6 11.Ba2 Bg4 12.dxe5 dxe5 13.h3 Bh5 14.g4 Rad8 15.Qc1 Bg6
16.a5 Nbd7 17.Bxf6 Bxf6 18.b4 a6 19.Qe3 Be7 20.Rab1 Nf6 21.Bc4 Rd7 22.Kg2 Rfd8
23.Bd3 Nh7 24.h4 h5 25.g5 Nf8 26.Bc4 Bh7 27.Ne2 Ng6 28.Ng3 Nf4+ 29.Kh2 Bf8
30.Qc3 Bd6 31.Rbd1 g6 32.Ne2 Ne6 33.Bxe6 fxe6 34.Nd2 Bf8  0-1

[Event "12th Donau Open"]
[Site "Aschach GER"]
[Date "2003.12.28"]
[Round "4"]
[White "Testor,S"]
[Black "Jurkovic,A"]
[Result "1-0"]
[WhiteElo "2156"]
[BlackElo "2317"]

1.e4 d6 2.d4 Nf6 3.Nc3 Nbd7 4.f4 e5 5.Nf3 exd4 6.Qxd4 c6 7.Be3 d5 8.O-O-O Bc5
9.Qd2 Bxe3 10.Qxe3 Qe7 11.Qd4 dxe4 12.Ng5 Nc5 13.Bc4 O-O 14.Rhe1 Bg4 15.Qd6 Rae8
16.Qxe7 Rxe7 17.Rd4 a5 18.h3 Bd7 19.a3 a4 20.b4 axb3 21.cxb3 Rfe8 22.b4 Ne6
23.Bxe6 Bxe6 24.Ngxe4 Nd5 25.Red1 Ne3 26.R1d3 Nxg2 27.Rg3 Nh4 28.Nf6+ Kh8
29.Nxe8 Rxe8 30.Rgd3 Kg8 31.Ne4 Kf8 32.Nd6 Rb8 33.Kd2 g6 34.Ke2 Ke7 35.Kf2 Bd5
36.Kg3 Nf3 37.Re3+ Kxd6 38.Rxf3 c5 39.bxc5+ Kxc5 40.Rfd3 Bc6 41.Rd8 Rxd8
42.Rxd8 Bd5 43.f5 Be4 44.f6 Bd5 45.Kf4 Be6 46.h4 h6 47.Rh8 h5 48.Rd8 Kc6
49.Kg5 Kc7 50.Rd2 b5 51.Kh6 Bc4 52.a4 Kb6 53.axb5 Kxb5 54.Kg7 Be6 55.Rd6  1-0

[Event "12th Donau Open"]
[Site "Aschach GER"]
[Date "2003.12.28"]
[Round "4"]
[White "Mahdi,K"]
[Black "Lautner,J"]
[Result "1-0"]
[WhiteElo "2418"]
[BlackElo "2197"]

1.e4 d6 2.d4 Nf6 3.Nc3 c6 4.Nf3 Bg4 5.h3 Bh5 6.Bd3 e6 7.Qe2 Be7 8.Bd2 d5
9.g4 Bg6 10.h4 dxe4 11.Nxe4 Bxe4 12.Bxe4 Nxe4 13.Qxe4 Qd5 14.Qe2 c5 15.c4 Qc6
16.O-O-O cxd4 17.Nxd4 Qb6 18.Bc3 O-O 19.h5 Bg5+ 20.Kb1 Re8 21.Nf5 e5 22.Nd6 Re6
23.Ne4 Be7 24.Rd5 Nc6 25.Rhd1 Rf8 26.Qd2 a6 27.c5 Qb5 28.Qc2 a5 29.Nd6 Qa6
30.Nf5 Bg5 31.Qe4 f6 32.Rd7 Rf7 33.Qd5  1-0

[Event "ch-Arab m"]
[Site "Cairo EGY"]
[Date "2003.12.28"]
[Round "9"]
[White "Al Sayed,Mohamad"]
[Black "Belkhodja,S"]
[Result "1/2-1/2"]
[WhiteElo "2449"]
[BlackElo "2439"]

1.e4 d6 2.d4 Nf6 3.Nc3 Nbd7 4.f4 e5 5.Nf3 exd4 6.Qxd4 c6 7.Be3 d5 8.e5 Ng4
9.Bg1 Bc5 10.Qd2 Bxg1 11.Rxg1 Qb6 12.h3 Nh2 13.Nd4 Nxf1 14.Rxf1 Qxb2 15.Rb1 Qa3
16.Rf3 O-O 17.Nxd5 Qc5 18.Nc3 Nb6 19.Rg3 Rd8 20.Rd1 Bf5 21.Rxg7+ Kxg7 22.Nxf5+ Kg6
23.Nh4+  1/2-1/2

[Event "33rd Rilton Cup"]
[Site "Stockholm SWE"]
[Date "2003.12.28"]
[Round "2"]
[White "Eriksson,Jon SWE"]
[Black "Fontaine,R"]
[Result "0-1"]
[WhiteElo "2296"]
[BlackElo "2526"]

1.d4 d6 2.e4 Nf6 3.Nc3 Nbd7 4.Bc4 e5 5.Nf3 Be7 6.O-O O-O 7.h3 exd4 8.Qxd4 c6
9.a4 Nc5 10.Rd1 Ne6 11.Qe3 Qa5 12.b4 Qxb4 13.Bxe6 Bxe6 14.Ba3 Qb6 15.e5 Qxe3
16.fxe3 Nd7 17.Ne4 Rfe8 18.Nxd6 Bxd6 19.exd6 Bd5 20.Kf2 Re6 21.Rd4 Rae8 22.Re1 b6
23.c4 Bxf3 24.gxf3 c5 25.Rd5 Ne5 26.Rc1 Rd8 27.Bb2 Nc6 28.Rg1 f6 29.Rgd1 Na5
30.d7 Nxc4 31.Bc1 Kf7 32.f4 Re7 33.Kf3 Ke6 34.e4 Rexd7 35.f5+ Ke7 36.Rg1 Rxd5
37.Rxg7+ Kf8 38.Bh6 Rd3+ 39.Kf4 Ke8  0-1

[Event "Christmas Open"]
[Site "Zurich SUI"]
[Date "2003.12.30"]
[Round "7"]
[White "Lekic,D"]
[Black "Pikula,D"]
[Result "0-1"]
[WhiteElo "2400"]
[BlackElo "2494"]

1.e4 d6 2.d4 Nf6 3.Nc3 e5 4.Nf3 Nbd7 5.Bc4 Be7 6.a4 O-O 7.O-O c6 8.Ba2 b6
9.Re1 a6 10.d5 cxd5 11.Nxd5 Nxd5 12.Bxd5 Rb8 13.c3 Nf6 14.Bb3 Bb7 15.Bc2 h6
16.h3 Re8 17.Nh2 Bf8 18.Nf1 Rc8 19.Qf3 d5 20.Ng3 Rc4 21.b3 dxe4 22.Nxe4 Rxe4
23.Bxe4 Nxe4 24.Rxe4 Qa8  0-1

[Event "Open"]
[Site "Lilie Litomysl CZE"]
[Date "2004.01.01"]
[Round "9"]
[White "Karlik,V"]
[Black "Priehoda,V"]
[Result "1/2-1/2"]
[WhiteElo "2296"]
[BlackElo "2372"]

1.d4 d6 2.e4 Nf6 3.Nc3 c6 4.Nf3 Bg4 5.Be2 e6 6.O-O d5 7.exd5 cxd5 8.Ne5 Bxe2
9.Nxe2 Nc6 10.Nxc6 bxc6 11.Bf4 Bd6 12.c3 O-O 13.Qd3 Bxf4 14.Nxf4 Qb8 15.Qd2 a5
16.Nd3 Ne4 17.Qc2 Qa7 18.Rfe1 Rfc8 19.Kh1 Rab8 20.Rad1 h6 21.Qc1 Rb7 22.Re2 Qb8
23.f3 Nf6 24.Qf4 Qxf4 25.Nxf4 c5 26.dxc5 Rxc5 27.Kg1 Nd7 28.Nd3 Rc6 29.Rc2 Nb6
30.b3 f6 31.Nc1 Kf7 32.Ne2 e5 33.Rcd2 Rc5 34.Rb2 Rb5 35.Rc2 Rc5 36.Rdd2 a4
37.Kf2 Rbc7 38.Rb2 Rb5 39.bxa4 Rxb2 40.Rxb2 Nxa4 41.Rb3 g5 42.Ke3 Nc5 43.Ra3 f5
44.Kd2 f4 45.Ra5 Ke6 46.Rb5 Rc6 47.Ra5 h5 48.Ra8 Ke7 49.Ra7+ Kd6 50.Ra8 Ne6
51.Ra5 Rb6 52.Kc2 Nc5 53.Ra8 h4 54.a4 e4 55.a5 Ra6 56.Rxa6+ Nxa6 57.Nd4 Nc5
58.Kd2 e3+ 59.Ke2 Kc7 60.Nc2 Nb3 61.a6 Kb6 62.Kd3 Kxa6 63.Nb4+ Kb5 64.Nxd5 Nc5+
65.Kc2 Nd7 66.Nc7+ Kc6 67.Ne6 Ne5 68.Nxg5 Kd5 69.h3 Kc4 70.Ne4 Kd5 71.Nf6+  1/2-1/2

[Event "46th It"]
[Site "Reggio Emilia ITA"]
[Date "2004.01.01"]
[Round "6"]
[White "Miladinovic,I"]
[Black "Collutiis,D"]
[Result "1-0"]
[WhiteElo "2599"]
[BlackElo "2417"]

1.d4 d6 2.e4 Nf6 3.Nc3 e5 4.dxe5 dxe5 5.Qxd8+ Kxd8 6.Bg5 c6 7.O-O-O+ Nd7
8.Bh4 Bc5 9.g4 Ke8 10.h3 h5 11.g5 Nh7 12.Nf3 Nhf8 13.Bg3 Ng6 14.h4 Bb6 15.Bh3 Bc7
16.Bf5 Nf4 17.Bxf4 exf4 18.g6 fxg6 19.Bxg6+ Ke7 20.Bf5 Ne5 21.Rhg1 Rg8 22.Nxe5 Bxe5
23.Rg5 Bxf5 24.Rxf5 Ke6 25.Ne2 Raf8 26.Rg5 g6 27.f3 Rg7 28.c3 Kf6 29.Kc2 Re7
30.Rdg1 Rg7 31.Nc1 Re8 32.Nd3 Ree7 33.a4 Bc7 34.R1g2 Bd6 35.Re2 Be5 36.Rd2 Bd6
37.b4 Rgf7 38.Rdg2 Rg7 39.Kb3 Be5 40.Kc4 Bc7 41.b5 cxb5+ 42.axb5 Bd6 43.Kd4 Rd7
44.Rd5 Ke6 45.c4 Rdf7 46.e5 Be7 47.Ke4 g5 48.hxg5 Bxg5 49.Nc5+ Ke7 50.e6  1-0

[Event "Hilton Chess Festival"]
[Site "Basel SUI"]
[Date "2004.01.04"]
[Round "7"]
[White "Riff,JN"]
[Black "Mitkov,N"]
[Result "1/2-1/2"]
[WhiteElo "2372"]
[BlackElo "2520"]

1.e4 d6 2.d4 Nf6 3.Nc3 e5 4.Nf3 Nbd7 5.Bc4 Be7 6.O-O O-O 7.a4 c6 8.b3 a5
9.Ba3 h6 10.h3 Re8 11.Re1 Qc7 12.dxe5 dxe5 13.Bxe7 Rxe7 14.Nh4 Nb6 15.Bf1 Be6
16.Qf3 Nbd7 17.Nf5 Bxf5 18.Qxf5 g6 19.Qf3 Kg7 20.Rad1 Rd8 21.Qe3 Ree8 22.Rd2 Qb6
23.Qxb6 Nxb6 24.Red1 Rxd2 25.Rxd2 Kf8 26.f3 Ke7 27.Kf2 Nfd7 28.Nd1 f6 29.Nb2 Rd8
30.h4 Nc5 31.g3 Ne6 32.Rxd8 Nxd8 33.Ke3 Nf7 34.Nd3 Kd6 35.f4  1/2-1/2

[Event "10th Open"]
[Site "Bosnjaci CRO"]
[Date "2004.01.04"]
[Round "2"]
[White "Drazic,S"]
[Black "Jurkovic,A"]
[Result "1-0"]
[WhiteElo "2499"]
[BlackElo "2319"]

1.d4 d6 2.e4 Nf6 3.Nc3 Nbd7 4.f4 e5 5.Nf3 exd4 6.Qxd4 c6 7.Be2 d5 8.exd5 Bc5
9.Qd3 O-O 10.Bd2 cxd5 11.Nxd5 Nxd5 12.Qxd5 Re8 13.Ng5 Qe7 14.O-O-O Nf6 15.Qb3 h6
16.Bb5 hxg5 17.Bxe8 Qxe8 18.fxg5 Be6 19.Qf3 Nd5 20.h4 Qa4 21.a3 Rc8 22.Kb1 Bd4
23.Qd3 g6 24.Rhf1 Bg7 25.h5 Bf5 26.Rxf5 gxf5 27.g6 Qe4 28.gxf7+ Kxf7 29.Qb3 Rc7
30.h6 Bh8 31.Bc1 Rd7 32.Rf1 Kg6 33.Qg3+ Kh7 34.Re1 Qc4 35.Qf3 Rf7 36.Rd1 Nb6
37.Rd3 Qe4 38.Qf2 Nc4 39.Qc5 Qc6 40.Qxa7 Qxg2 41.Rd8 Qc6 42.Qg1 Bg7 43.hxg7 Rxg7
44.Qh2+ Kg6 45.Qh6+ Kf7 46.Qh5+ Qg6 47.Qh4 Qc6 48.Qd4 Rg1 49.Qxg1  1-0

[Event "10th Open"]
[Site "Bosnjaci CRO"]
[Date "2004.01.08"]
[Round "9"]
[White "Ljubic,J"]
[Black "Biti,O"]
[Result "0-1"]
[WhiteElo "2241"]
[BlackElo "2387"]

1.e4 d6 2.d4 Nf6 3.Nc3 e5 4.dxe5 dxe5 5.Qxd8+ Kxd8 6.Bg5 Be6 7.Nd5 Nd7 8.Rd1 Kc8
9.Nxf6 gxf6 10.Be3 Bb4+ 11.c3 Bc5 12.Rxd7 Bxe3 13.Rd3 Bc1 14.b3 a5 15.Rd1 Bb2
16.Ne2 a4 17.Rb1 axb3 18.axb3 Ra2 19.c4 Ba3 20.b4 Bb2 21.Kd2 Bd4+ 22.Kd3 Ba1
23.f4 Ra3+ 24.Kc2 Bxc4 25.Nc1 Rc3+ 26.Kd2 Rd8+ 27.Ke1 Re3+ 28.Ne2 Bd4 29.Rc1 b5
30.g3 Rxe4 31.Bh3+ Kb8 32.Rc2 exf4  0-1

[Event "TCh-FIN 2003-4"]
[Site "Finland FIN"]
[Date "2004.01.10"]
[Round "6"]
[White "Lehtinen,A"]
[Black "Ristoja,J"]
[Result "0-1"]
[WhiteElo "2156"]
[BlackElo "2315"]

1.e4 d6 2.d4 Nf6 3.Nc3 e5 4.Nf3 Nbd7 5.h3 Be7 6.Be3 c6 7.a4 O-O 8.Qd2 b6
9.g4 Bb7 10.g5 exd4 11.Nxd4 Nxe4 12.Nxe4 c5 13.Bg2 cxd4 14.Bxd4 d5 15.Nc3 Bxg5
16.f4 Bh4+ 17.Kf1 Nf6 18.Rd1 Ne4 19.Bxe4 dxe4 20.Qe2 Qe7 21.Be5 Rad8 22.Nb5 Rxd1+
23.Qxd1 Rd8 24.Qe2 f6 25.Bc3 Qc5 26.Rg1 Rd1+  0-1

[Event "TCh-BEL 2003-4"]
[Site "Belgium BEL"]
[Date "2004.01.11"]
[Round "6"]
[White "Van Uytven,E"]
[Black "Hautot,S"]
[Result "1/2-1/2"]
[WhiteElo "2171"]
[BlackElo "2322"]

1.e4 d6 2.d4 Nf6 3.Nc3 Nbd7 4.f4 e5 5.Nf3 exd4 6.Qxd4 c6 7.Be3 d5 8.e5 Ng4
9.Bg1 Nh6 10.O-O-O Qa5 11.Kb1 Bc5 12.Qa4 Qxa4 13.Nxa4 Bxg1 14.Rxg1 b5 15.Nc3 Nc5
16.b4 Ne6 17.g3 a5 18.a3 axb4 19.axb4 Ke7 20.Bh3 g6 21.Kb2 Ng7 22.g4 Bd7
23.Nd4 Rhc8 24.Rdf1 Ne6 25.Nb3 Ra7 26.g5 Nf5 27.Bxf5 gxf5 28.Ne2  1/2-1/2

[Event "XXIX Open"]
[Site "Seville ESP"]
[Date "2004.01.11"]
[Round "3"]
[White "Castellanos,R"]
[Black "Romero Garcia,Mar"]
[Result "1-0"]
[WhiteElo "2438"]
[BlackElo "2167"]

1.e4 d6 2.d4 Nf6 3.Nc3 c6 4.a4 Qa5 5.Bd3 e5 6.Ne2 Be7 7.O-O O-O 8.Kh1 Nbd7
9.f4 Re8 10.Bd2 Qc7 11.a5 Bf8 12.dxe5 dxe5 13.f5 Nc5 14.Bg5 Nxd3 15.Qxd3 Be7
16.Ng3 Ng4 17.Bxe7 Qxe7 18.Qf3 Nf6 19.Nh5 Bd7 20.Nxf6+ Qxf6 21.Qe3 Red8 22.Na4 Be8
23.Nc5 Rab8 24.Nd3 Rd4 25.c3 Rd7 26.Qxa7 Rbd8 27.Nc5 Rd2 28.Nxb7 Qg5 29.Rg1 R8d7
30.Qb8 Kf8 31.a6 Qh5 32.Nc5 Rd8 33.Qxe5 Rxg2 34.Ne6+ fxe6 35.Qc5+ Kg8 36.Rxg2 Rd1+
37.Rxd1 Qxd1+ 38.Qg1  1-0

[Event "XXIX Open"]
[Site "Seville ESP"]
[Date "2004.01.12"]
[Round "4"]
[White "Ivanov,J"]
[Black "Perez,Rod"]
[Result "0-1"]
[WhiteElo "2406"]
[BlackElo "2458"]

1.d4 d6 2.e4 Nf6 3.Nc3 c6 4.Be3 e5 5.f3 Nbd7 6.Qd2 Be7 7.Nge2 b5 8.d5 Bb7
9.dxc6 Bxc6 10.Ng3 b4 11.Nb5 Qb8 12.Nf5 Bxb5 13.Bxb5 Qxb5 14.Qxd6 Bf8 15.O-O-O Rc8
16.Bg5 Qc4 17.c3 Bxd6 18.Nxd6+ Ke7 19.Nxc4 Rxc4  0-1

[Event "ch-Commonwealth"]
[Site "Mumbai IND"]
[Date "2004.01.14"]
[Round "5"]
[White "Vinuthna,N"]
[Black "Singh,G"]
[Result "1-0"]
[WhiteElo "2094"]
[BlackElo "2360"]

1.e4 d6 2.d4 Nf6 3.Nc3 c6 4.Be3 Qb6 5.Rb1 Nbd7 6.e5 Nd5 7.Nxd5 cxd5 8.exd6 e6
9.c3 Nf6 10.Bd3 Bxd6 11.Nf3 O-O 12.O-O Bd7 13.Qe2 Qa5 14.Ne5 Be8 15.Bg5 Ne4
16.Bxe4 dxe4 17.Qxe4 Qxa2 18.Qg4 Kh8 19.Bf4 Be7 20.Rfe1 f6 21.Nd3 Bg6 22.Qxe6 Qxe6
23.Rxe6 Bxd3 24.Rd1 Bc2 25.Rd2 Bb3 26.Rxe7 Rfe8 27.Rde2 Ba4 28.f3 Kg8 29.Kf2 Bb5
30.Re1 b6 31.b3 Rxe7 32.Rxe7 Be8 33.d5 Bf7 34.c4 b5 35.d6 bxc4 36.bxc4 Kf8
37.Rc7 a5 38.d7 Be6 39.Bd6+ Kg8 40.Be7 Bxd7 41.Rxd7  1-0

[Event "ch-Commonwealth"]
[Site "Mumbai IND"]
[Date "2004.01.16"]
[Round "7"]
[White "Rathnakaran,K"]
[Black "Koshy,V"]
[Result "1/2-1/2"]
[WhiteElo "2309"]
[BlackElo "2374"]

1.e4 d6 2.d4 Nf6 3.Nc3 e5 4.Nf3 Nbd7 5.Bc4 Be7 6.O-O O-O 7.h3 c6 8.a4 b6
9.Qe2 a6 10.Rd1 Qc7 11.dxe5 Nxe5 12.Nxe5 dxe5 13.Rd3 Bb7 14.Rg3 Kh8 15.Bg5 b5
16.axb5 axb5 17.Rxa8 Bxa8 18.Bd3 Bb7 19.Nd1 g6 20.Rf3 Ng8 21.Bd2 Bc8 22.Ne3 Be6
23.Ng4 f6 24.c4 b4 25.Qe1 Qa5  1/2-1/2

[Event "Open"]
[Site "Praha CZE"]
[Date "2004.01.18"]
[Round "3"]
[White "Zavadsky,P"]
[Black "Hasangatin,R"]
[Result "0-1"]
[WhiteElo "2256"]
[BlackElo "2515"]

1.e4 d6 2.d4 Nf6 3.Nc3 e5 4.Nf3 Nbd7 5.Bc4 Be7 6.O-O O-O 7.Re1 c6 8.a4 b6
9.b3 a6 10.Bb2 Bb7 11.Qd2 b5 12.axb5 axb5 13.Rxa8 Bxa8 14.Bf1 Re8 15.b4 Bf8
16.d5 Qb6 17.h3 Nb8 18.dxc6 Bxc6 19.Bd3 Na6 20.Nd5 Bxd5 21.exd5 Qb7 22.Nh2 Nc7
23.f4 Qxd5 24.Nf3 e4 25.Bxf6 gxf6 26.Qc3 exd3  0-1

[Event "Open"]
[Site "Praha CZE"]
[Date "2004.01.19"]
[Round "4"]
[White "Cernousek,L"]
[Black "Hudacek,J"]
[Result "1-0"]
[WhiteElo "2375"]
[BlackElo "2057"]

1.e4 d6 2.d4 Nf6 3.Nc3 e5 4.Nf3 Nbd7 5.Bc4 h6 6.Be3 c6 7.a4 Be7 8.h3 Qc7
9.Bb3 Nf8 10.d5 Bd7 11.a5 Ng6 12.Qd2 Nh5 13.a6 b6 14.dxc6 Bxc6 15.Nd5 Bxd5
16.Bxd5 Rb8 17.O-O Nhf4 18.Ra3 Nxd5 19.Qxd5 O-O 20.Rc3 Qd7 21.Rd3 Qa4 22.Ra3 Qxc2
23.Rc1 Qxb2 24.Ra2 Qb4 25.Bd2 Nf4 26.Bxb4 Nxd5 27.exd5  1-0

[Event "Open"]
[Site "Praha CZE"]
[Date "2004.01.19"]
[Round "5"]
[White "Cernousek,L"]
[Black "Hasangatin,R"]
[Result "1/2-1/2"]
[WhiteElo "2375"]
[BlackElo "2515"]

1.e4 d6 2.d4 Nf6 3.Nc3 e5 4.Nf3 Nbd7 5.Bc4 Be7 6.O-O O-O 7.Re1 c6 8.a4 b6
9.d5 c5 10.a5 a6 11.axb6 Nxb6 12.Nd2 Ne8 13.Qe2 Bg5 14.Na4 f5  1/2-1/2

[Event "1st WinTV Open"]
[Site "Chennai IND"]
[Date "2004.01.21"]
[Round "1"]
[White "Srinath,N"]
[Black "Sivanandan,B"]
[Result "0-1"]
[WhiteElo "2003"]
[BlackElo "2340"]

1.e4 d6 2.d4 Nf6 3.Nc3 c6 4.Nf3 g6 5.Be2 Bg7 6.O-O O-O 7.h3 b5 8.a3 Qc7 9.Be3 Nbd7
10.Qd2 Re8 11.Bh6 Bh8 12.Ng5 e5 13.d5 a6 14.dxc6 Qxc6 15.Rad1 Bb7 16.Qxd6 Bg7
17.Qxc6 Bxc6 18.Bxg7 Kxg7 19.Nd5 Rac8 20.Bd3 Bxd5 21.exd5 e4 22.Be2 h6 23.Ne6+ fxe6
24.dxe6 Rxe6 25.Bg4 Re7 26.Bxd7 Rxd7 27.Rxd7+ Nxd7 28.Rd1 Ne5 29.Rd5 Kf6
30.Rd6+ Ke7 31.Rxa6 Rxc2 32.b4 Nd3 33.Rxg6 Nxf2 34.Rxh6 e3 35.Rh5 Rc1+ 36.Kh2 Kd6
37.Rh6+ Kd5 38.Rh5+ Kd4 39.Rh8 e2 40.Rd8+ Ke3 41.Re8+ Ne4  0-1

[Event "Winter Open"]
[Site "Belgrade SCG"]
[Date "2004.01.23"]
[Round "3"]
[White "Klasan,V"]
[Black "Rosandic,M"]
[Result "1-0"]
[WhiteElo "2134"]
[BlackElo "1991"]

1.e4 d6 2.d4 Nf6 3.Nc3 c6 4.Nf3 Bg4 5.h3 Bc8 6.Be3 b5 7.Bd3 Qa5 8.Qd2 Bb7
9.O-O a6 10.e5 Nfd7 11.exd6 e6 12.Ne4 Qd8 13.Ne5 f6 14.Nxd7 Nxd7 15.Nc5 Nxc5
16.dxc5 Qd7 17.a4 g6 18.Bh6 Bg7 19.Bxg7 Qxg7 20.Rfe1 e5 21.axb5 cxb5 22.Be4 O-O
23.c6 Bc8 24.d7 Rd8 25.Qd5+ Kf8 26.dxc8=Q Raxc8 27.Qc5+ Ke8 28.Rxa6 Qf7 29.Ra7 Rc7
30.Qxb5 f5 31.Qxe5+  1-0

[Event "1st WinTV Open"]
[Site "Chennai IND"]
[Date "2004.01.23"]
[Round "4"]
[White "Shashikant,K"]
[Black "Koshy,V"]
[Result "1/2-1/2"]
[WhiteElo "2283"]
[BlackElo "2374"]

1.e4 d6 2.d4 Nf6 3.Nc3 e5 4.Nf3 Nbd7 5.Bc4 Be7 6.O-O O-O 7.Re1 c6 8.a4 b6
9.d5 Bb7 10.dxc6 Bxc6 11.Bg5 Ne8 12.Be3 Nc7 13.Nd5 Nxd5 14.Bxd5 Qc7 15.c4 Bxd5
16.Qxd5 Rac8 17.b3 a5 18.Red1 h6 19.Ne1 Nc5 20.Bxc5 bxc5 21.Nc2 Rb8 22.Rd3 Qb7
23.Qxb7 Rxb7 24.Na3 Rfb8 25.Nb5 h5 26.g3 f6 27.Rad1 Rb6 28.Kg2 Kf7 29.f4 Ke6
30.h3 R8b7 31.Kf3 exf4 32.gxf4 g5 33.Rd5 Rb8 34.R1d3 Rg8 35.f5+ Kf7 36.Nxd6+ Bxd6
37.Rxd6 Rxd6 38.Rxd6 Rb8 39.Rd7+ Ke8 40.Rd3 Ke7 41.e5 fxe5 42.Ke4 Kf6 43.Rd6+ Ke7
44.Kxe5 Rxb3 45.f6+ Kf7 46.Kf5 Rf3+ 47.Kxg5 Rg3+ 48.Kxh5 Rxh3+ 49.Kg5 Rc3
50.Rd7+ Kf8 51.Kg6 Rg3+ 52.Kf5 Rc3 53.Ke6 Re3+ 54.Kd6 Rd3+ 55.Kc6 Rd4 56.Ra7 Rxc4
57.Rxa5 Kf7 58.Kd5 Rh4 59.Kxc5 Kxf6 60.Ra7 Ke6 61.a5 Rh1 62.Rc7 Ra1 63.Kb6 Kd6
64.Rc2 Rb1+ 65.Ka7 Kd7 66.a6 Rb3 67.Ka8 Rb1 68.Rc3 Rb2 69.Rc1 Rb3 70.Rc2 Rb1
71.a7 Rb3 72.Rh2 Rb1 73.Rh8 Kc7 74.Rb8 Rc1 75.Rb7+ Kc8 76.Rb8+ Kc7 77.Rb2 Kc8  1/2-1/2

[Event "TCh-AUT 2003-4"]
[Site "Velden AUT"]
[Date "2004.01.24"]
[Round "6"]
[White "Balogh,C"]
[Black "Beim,V"]
[Result "1-0"]
[WhiteElo "2456"]
[BlackElo "2518"]

1.e4 d6 2.d4 Nf6 3.Nc3 e5 4.Nf3 exd4 5.Nxd4 Be7 6.Nde2 O-O 7.g3 Re8 8.Bg2 Bf8
9.O-O Nbd7 10.f3 Nb6 11.g4 h6 12.a4 a5 13.g5 hxg5 14.Bxg5 d5 15.Nf4 Qd6 16.Nfxd5 Nfxd5
17.exd5 Qg6 18.Qc1 f6 19.Be3 Nc4 20.Bd4 c5 21.dxc6 Bh3 22.Rf2 Rad8 23.Qf4 Qf5
24.Qxf5 Bxf5 25.Re2 bxc6 26.Rxe8 Rxe8 27.Ne4 c5 28.Bc3 Ne3 29.Re1 Nd5 30.Bd2 Rb8
31.Bf1 Kh7 32.Bb5 Nc7 33.Bd3 Kg6 34.Bxa5 Nd5 35.b3 Nb4 36.Bxb4 cxb4 37.Nf2 Bc5
38.Kg2 Bxf2 39.Bxf5+ Kxf5 40.Kxf2 Rc8 41.Re4  1-0

[Event "TCh-AUT 2003-4"]
[Site "Velden AUT"]
[Date "2004.01.24"]
[Round "6"]
[White "Kotz,H"]
[Black "Grosar,A"]
[Result "1/2-1/2"]
[WhiteElo "2350"]
[BlackElo "2444"]

1.e4 d6 2.d4 Nf6 3.Nc3 e5 4.Nf3 exd4 5.Nxd4 Be7 6.Be2 O-O 7.O-O Re8 8.f4 c5
9.Nf3 Nc6 10.Bc4 Be6 11.Bxe6 fxe6 12.e5 dxe5 13.fxe5 Ng4 14.Bf4 Rf8 15.g3 Qxd1
16.Raxd1 Nd4 17.Nxd4 cxd4 18.Ne4 Rad8 19.h3 Ne3 20.Bxe3 dxe3 21.Rxf8+ Rxf8
22.Re1 Rf5  1/2-1/2

[Event "TCh-AUT 2003-4"]
[Site "Velden AUT"]
[Date "2004.01.24"]
[Round "6"]
[White "Wittmann,W"]
[Black "Weiss,C"]
[Result "1-0"]
[WhiteElo "2326"]
[BlackElo "2389"]

1.e4 d6 2.d4 Nf6 3.Nc3 Nbd7 4.Nf3 e5 5.Bc4 Be7 6.O-O O-O 7.Re1 c6 8.a4 b6
9.d5 Bb7 10.dxc6 Bxc6 11.Nd5 Nc5 12.Nxf6+ Bxf6 13.Bd5 Qc7 14.b3 Rac8 15.c4 Qb7
16.Ba3 Bxd5 17.cxd5 b5 18.axb5 Qxb5 19.Bxc5 Qxc5 20.Ra4 Qb6 21.Qd3 Bd8 22.Nd2 f5
23.exf5 Rc5 24.Nc4 Qb5 25.Rd1 e4 26.Qxe4 Re8 27.Qg4 Qxb3 28.Rxa7 Bf6 29.Qh5 Rf8
30.Ne3 Rcc8 31.g3 Rce8 32.Qf3 Bg5 33.f6 Rxf6 34.Rxg7+ Kf8 35.Qh5 Bxe3 36.Rxh7 Bxf2+
37.Kg2 Qa4 38.Rh8+ Ke7 39.Qh7+ Kd8 40.Rb1 Ba7 41.Rb7 Rf2+ 42.Kh3 Rxh8 43.Qxh8+ Qe8
44.Qxe8+ Kxe8 45.Rxa7 Rd2 46.g4 Rxd5 47.Kh4 Re5 48.g5 d5 49.Ra4 Re6 50.Kh5 Rd6
51.g6 Kf8 52.Kh6 d4 53.Kh7 Rd7+ 54.Kh8 d3 55.g7+  1-0

[Event "IM"]
[Site "Marianske Lazne CZE"]
[Date "2004.01.25"]
[Round "2"]
[White "Walek,M"]
[Black "Hasangatin,R"]
[Result "1/2-1/2"]
[WhiteElo "2339"]
[BlackElo "2515"]

1.e4 d6 2.d4 Nf6 3.Nc3 e5 4.Nf3 Nbd7 5.Be2 c6 6.O-O b5 7.a3 a6 8.Re1 Qc7
9.Bf1 g6 10.h3 Bg7 11.Bg5 O-O 12.Qd2 Re8 13.dxe5 dxe5 14.Rad1 Bb7 15.Qd6 Rac8
16.Qxc7 Rxc7 17.Nd2 Nc5 18.Be3 Ne6 19.Bb6 Rd7 20.Nb3 Bf8 21.f3 Ba8 22.Rxd7 Nxd7
23.Bf2 Ndc5 24.Nxc5 Nxc5 25.Rd1 a5 26.b3 Bb7 27.a4 b4 28.Nb1 f5 29.Bc4+ Kg7
30.Kf1 fxe4 31.Bxc5 Bxc5 32.Rd7+ Re7 33.Rxe7+ Bxe7 34.fxe4 Bg5 35.Ke2 c5
36.Bd5 Ba6+ 37.Bc4 Bb7 38.Bd5 Ba6+ 39.Bc4 Bxc4+ 40.bxc4 h5 41.g3 h4 42.g4 Kf6
43.Nd2 Bxd2  1/2-1/2

[Event "Testa GM"]
[Site "Griesheim GER"]
[Date "2004.01.26"]
[Round "7"]
[White "Milov,L"]
[Black "Kunin,V"]
[Result "0-1"]
[WhiteElo "2452"]
[BlackElo "2425"]

1.e4 d6 2.d4 Nf6 3.Nc3 e5 4.Nf3 Nbd7 5.g3 Be7 6.Bg2 O-O 7.O-O c6 8.a4 Re8
9.h3 Bf8 10.Re1 Qc7 11.a5 Rb8 12.Be3 b5 13.axb6 axb6 14.d5 b5 15.dxc6 Qxc6
16.Nd2 Nb6 17.Ra5 Na4 18.Nxa4 bxa4 19.b3 axb3 20.cxb3 Be6 21.Qa1 Rec8 22.Rb1 Rb4
23.Ra4 Qb5 24.Kh2 Rb8 25.Bf1 Qd7 26.Rxb4 Rxb4 27.Bg2 d5 28.Qxe5 dxe4 29.Ra1 Rb5
30.Qd4 Rd5 31.Qb2 Bxh3 32.Ra7 Qe6 33.Ra8 Rh5 34.Bxe4 Bf5+  0-1

[Event "Open"]
[Site "Marianske Lazne CZE"]
[Date "2004.01.27"]
[Round "5"]
[White "Madjidov,J"]
[Black "Turner,Ja"]
[Result "0-1"]
[WhiteElo "2164"]
[BlackElo "2344"]

1.e4 d6 2.d4 Nf6 3.Nc3 e5 4.dxe5 dxe5 5.Qxd8+ Kxd8 6.Bc4 Be6 7.Bxe6 fxe6
8.Bg5 Bd6 9.O-O-O h6 10.Bxf6+ gxf6 11.Rd3 Ke7 12.Nge2 Nc6 13.a3 a6 14.Rhd1 Rad8
15.Kb1 b5 16.b4 Nb8 17.Ka2 Nd7 18.Nc1 Nb6 19.Nb3 Nc4 20.Rg3 Rdg8 21.Rdd3 h5
22.Rxg8 Rxg8 23.Rg3 Rxg3 24.hxg3 c6 25.Ne2 Bc7 26.Nec1 a5 27.Nd3 a4 28.Nbc5 Bb6
29.c3 f5 30.f3 Bxc5 31.Nxc5 Ne3 32.Nd3 Kd6 33.f4 fxe4 34.fxe5+ Kd5 35.Nf4+ Kxe5
36.Kb2 Nc4+ 37.Ka2 e3 38.Nd3+ Kf5 39.Nc1 Ke4 40.Kb1 Nxa3+ 41.Kb2 Nc4+ 42.Kc2 a3
43.Kd1 Kf5 44.Ke2 a2  0-1

[Event "IM"]
[Site "Marianske Lazne CZE"]
[Date "2004.01.29"]
[Round "7"]
[White "Vyskocil,N"]
[Black "Pribyl,Jo"]
[Result "1/2-1/2"]
[WhiteElo "2335"]
[BlackElo "2371"]

1.e4 d6 2.d4 Nf6 3.Nc3 e5 4.Nf3 Nbd7 5.Bc4 Be7 6.O-O O-O 7.Re1 c6 8.a4 b6
9.Bg5 a6 10.d5 c5 11.Bf1 Ne8 12.Be3 g6 13.Nd2 Bg5 14.Nc4 Rb8 15.Qd2 Bxe3
16.Nxe3 Ndf6 17.g3 Nh5 18.Ng2 Nc7 19.f4 Qe7 20.Qf2 f6 21.Be2 Ng7 22.Ne3 exf4
23.gxf4 f5 24.e5 dxe5 25.Nc4 exf4 26.d6 Qg5+ 27.Kh1 Nce6 28.Bf3 Nd4 29.Bd5+ Be6
30.Rad1 Kh8 31.Bxe6 Ndxe6 32.Nd5 Qd8 33.Nxf4  1/2-1/2

[Event "Gibraltar Masters"]
[Site "Catalan Bay ENG"]
[Date "2004.01.30"]
[Round "4"]
[White "Del Rio Angelis,S"]
[Black "Osuna Vega,E"]
[Result "1-0"]
[WhiteElo "2504"]
[BlackElo "2209"]

1.e4 d6 2.d4 Nf6 3.Nc3 Nbd7 4.g4 h6 5.h3 c6 6.Bg2 e5 7.Nge2 b5 8.a3 Bb7 9.O-O a5
10.Ng3 b4 11.Nce2 g6 12.Be3 Bg7 13.Qd2 c5 14.d5 Nb6 15.b3 Nfd7 16.c4 bxa3
17.Nc3 Ba6 18.Rxa3 Bxc4 19.Rfa1 a4 20.bxc4 Nxc4 21.Qd3 Nxa3 22.Rxa3 O-O 23.Nf1 Qb6
24.Nd2 Qa6 25.Qxa6 Rxa6 26.Bf1 Rb6 27.Bb5 Rd8 28.Nc4 Rbb8 29.Na5 Rb6 30.Rxa4 Nf6
31.Nc6 Rd7 32.f3 Rc7 33.Ra8+ Kh7 34.Na5 Nd7 35.Rd8 Nb8 36.Nc4 Bf6 37.Re8 Rbb7
38.Nxd6  1-0

[Event "TCh-FRA Nat1 GpB"]
[Site "Clichy FRA"]
[Date "2004.01.30"]
[Round "1"]
[White "Bouhallel,R"]
[Black "Jansa,Vl"]
[Result "1-0"]
[WhiteElo "2302"]
[BlackElo "2477"]

1.d4 d6 2.e4 Nf6 3.Nc3 Nbd7 4.Nf3 e5 5.Bc4 Be7 6.O-O O-O 7.a4 c6 8.Re1 b6
9.b3 a6 10.Bb2 Bb7 11.Bf1 Re8 12.Qd2 b5 13.Rad1 Qb6 14.b4 Bf8 15.axb5 axb5
16.d5 c5 17.Nxb5 cxb4 18.c4 Nc5 19.Qxb4 Nfxe4 20.Re2 f5 21.Qe1 Ra2 22.Ba3 Rxe2
23.Bxe2 Ra8 24.Rb1 Ba6 25.Bc1 Bxb5 26.Rxb5 Qa7 27.Be3 Qa2 28.g3 Qc2 29.Bf1 Nb3
30.Qe2 Qc3 31.Qd3 Ra3 32.Rb8 Qb2 33.Ng5 Nc1 34.Qxe4 Qxb8 35.Qxf5 Ne2+ 36.Bxe2  1-0